<?xml version="1.0" encoding="UTF-8"?><?xml-stylesheet type="text/xsl" href="static/style.xsl"?><OAI-PMH xmlns="http://www.openarchives.org/OAI/2.0/" xmlns:xsi="http://www.w3.org/2001/XMLSchema-instance" xsi:schemaLocation="http://www.openarchives.org/OAI/2.0/ http://www.openarchives.org/OAI/2.0/OAI-PMH.xsd"><responseDate>2026-04-14T21:08:29Z</responseDate><request verb="GetRecord" identifier="oai:uvadoc.uva.es:10324/36610" metadataPrefix="marc">https://uvadoc.uva.es/oai/request</request><GetRecord><record><header><identifier>oai:uvadoc.uva.es:10324/36610</identifier><datestamp>2021-06-29T23:46:41Z</datestamp><setSpec>com_10324_38</setSpec><setSpec>col_10324_852</setSpec></header><metadata><record xmlns="http://www.loc.gov/MARC21/slim" xmlns:doc="http://www.lyncode.com/xoai" xmlns:xsi="http://www.w3.org/2001/XMLSchema-instance" xmlns:dcterms="http://purl.org/dc/terms/" xsi:schemaLocation="http://www.loc.gov/MARC21/slim http://www.loc.gov/standards/marcxml/schema/MARC21slim.xsd">
<leader>00925njm 22002777a 4500</leader>
<datafield tag="042" ind1=" " ind2=" ">
<subfield code="a">dc</subfield>
</datafield>
<datafield tag="720" ind1=" " ind2=" ">
<subfield code="a">Barona López, Jaime</subfield>
<subfield code="e">author</subfield>
</datafield>
<datafield tag="260" ind1=" " ind2=" ">
<subfield code="c">2019</subfield>
</datafield>
<datafield tag="520" ind1=" " ind2=" ">
<subfield code="a">Este Trabajo Final de Grado es un proyecto didáctico de educación en Diversidad afectivo-sexual en las familias para alumnado de Educación Infantil de cuatro años. El objetivo principal de este trabajo es evitar la discriminación hacia la diversidad afectivo-sexual y la comprensión de los gustos de cada una de las personas que conforma esta sociedad. Para ello se han planteado y puesto en práctica una serie de actividades que tratan sobre los distintos tipos de familias que existen.&#xd;
En las actividades de este proyecto se trabajará la Diversidad afectivo-sexual en las familias en las que se utilizará la metodología constructivista y la metodología basada en proyectos, principalmente. El alumnado al que van dirigidas las actividades han logrado comprender que sea el origen que sea de cada una de las personas debemos de respetarlo y que a la familia siempre hay que cuidarla y estar feliz de que todos tengamos una familia.</subfield>
</datafield>
<datafield tag="024" ind2=" " ind1="8">
<subfield code="a">http://uvadoc.uva.es/handle/10324/36610</subfield>
</datafield>
<datafield tag="245" ind1="0" ind2="0">
<subfield code="a">Diversidad afectivo sexual. Proyecto didáctico en Educación Infantil</subfield>
</datafield>
</record></metadata></record></GetRecord></OAI-PMH>